| 000 | 00826nam a22001937a 4500 | ||
|---|---|---|---|
| 005 | 20240530110335.0 | ||
| 008 | 140906s2009 ua fop gri 000 0 ara d | ||
| 017 |
_a13141/2009 _bالقاهرة : دار الكتب المصرية |
||
| 020 | _a9789774794350 | ||
| 040 | _aEG-CaGPL | ||
| 082 | 0 | 4 |
_221 _a932 _bق/ر ر |
| 100 | 0 | 0 | _aرمضان عبده على |
| 245 | 1 | 0 |
_aرموز من تاريخ مصر القديمة : _bومظاهر حضارتها ودحض ما قيل بشانها من مزاعم واباطيل / _cتاليف رمضان عبده على ؛ تقديم زاهى حواس |
| 260 |
_aالقاهرة : _bالمجلس الاعلى للاثار ، _c2009 |
||
| 300 |
_a238 ص ، _bصور ؛ _c24 سم |
||
| 651 | 0 | 7 |
_aمصر القديمة _xتاريخ |
| 700 | 0 | 0 |
_aزاهى حواس _eمقدم |
| 942 |
_2ddc _cBK |
||
| 999 |
_c59772 _d59772 |
||